| 000 | 00751nam a2200265Ia 4500 | ||
|---|---|---|---|
| 001 | Para_5535 | ||
| 003 | CHAP | ||
| 008 | 220125s1914 xx 000 0 und d | ||
| 010 | _a203994 | ||
| 040 | _cCHAP | ||
| 090 | _aPA FOLLETO 2850 | ||
| 100 |
_aSterrett, W. D. _9109712 |
||
| 245 |
_aForest management of loblelly pine in Delaware, Maryland, and Virginia / _c by W. D. Sterrett |
||
| 260 |
_aWashington : _b Department of Agriculture |
||
| 300 | _a59 p. | ||
| 440 |
_aEUA. Dep. of Agri. Bull.; 11 _9170028 |
||
| 650 |
_aPinus taeda _988368 |
||
| 901 | _aPA FOLLETO 2850 | ||
| 902 | _aA | ||
| 905 | _a0000001914 WAS 0000000000 00 | ||
| 910 | _a1914 | ||
| 942 | _cPARA | ||
| 942 |
_cPARA _d1 |
||
| 999 |
_c203994 _d203994 |
||